| 000 -CABECERA |
| Longitud fija campo de control |
01268nam a2200313 a 4500 |
| 001 - NÚMERO DE CONTROL |
| Número de control |
991002290419706706 |
| 003 - IDENTIFICADOR DEL NÚMERO DE CONTROL |
| Identificador del número de control |
OSt |
| 005 - FECHA Y HORA DE LA ÚLTIMA TRANSACCIÓN |
| Fecha y hora de la última transacción |
20211217115529.0 |
| 008 - CÓDIGOS DE INFORMACIÓN DE LONGITUD FIJA |
| Códigos de información de longitud fija |
031112s1944 spc|||||| 000 ||spa|c |
| 035 ## - NÚMERO DE CONTROL DEL SISTEMA |
| Número de control del sistema |
(ES-BaCBU).b10500789 |
| 035 ## - NÚMERO DE CONTROL DEL SISTEMA |
| Número de control del sistema |
(OCoLC)801938398 |
| 040 ## - FUENTE DE LA CATALOGACIÓN |
| Centro catalogador de origen |
ES-BaCBU |
| Lengua de catalogación |
cat |
| Centro transcriptor |
CDMR |
| 043 ## - CÓDIGO DE ÁREA GEOGRÁFICA |
| Código de área geográfica |
e-sp--- |
| Código local GAC |
e-spc-- |
| Fuente del código local |
catmarc |
| 080 ## - NÚMERO DE LA CLASIFICACIÓN DECIMAL UNIVERSAL |
| Número de la Clasificación Decimal Universal |
911.375(467.11)"18/19" |
| 084 ## - OTRO NÚMERO DE CLASIFICACIÓN |
| Número de clasificación |
9(46.71Bar)"18" |
| Fuente del número |
z |
| 090 ## - CAMPOS LOCALES |
| Número de clasificación (OCLC) ; Número de clasificación,LLAMADA (RLIN) |
DPC309.9.B3757 |
| Signatura local (OCLC) ; Signatura sin dividir, número de libro, CALL (RLIN) |
C325 1944 |
| 090 ## - CAMPOS LOCALES |
| Número de clasificación (OCLC) ; Número de clasificación,LLAMADA (RLIN) |
DPC309.9.B3757 |
| Signatura local (OCLC) ; Signatura sin dividir, número de libro, CALL (RLIN) |
C325 1944 |
| 100 1# - PUNTO DE ACCESO PRINCIPAL-NOMBRE DE PERSONA |
| Nombre de persona |
Caballé i Clos, Tomàs, |
| 245 10 - MENCIÓN DE TÍTULO |
| Título |
Barcelona de antaño : |
| Resto del título |
memorias de un viejo reportero barcelonés / |
| Mención de responsabilidad, etc. |
por Tomás Caballé y Clos |
| 260 ## - PUBLICACIÓN, DISTRIBUCIÓN, ETC. (PIE DE IMPRENTA) |
| Lugar de publicación, distribución, etc. |
Barcelona : |
| Nombre del editor, distribuidor, etc. |
Aries, |
| Fecha de publicación, distribución, etc. |
1944 |
| 300 ## - DESCRIPCIÓN FÍSICA |
| Extensión |
230 p. ; |
| Dimensiones |
22 cm |
| 651 #7 - PUNTO DE ACCESO ADICIONAL DE MATERIA - NOMBRE GEOGRÁFICO |
| Nombre geográfico |
Barcelona (Catalunya) |
| Subdivisión de materia general |
Història |
| Subdivisión cronológica |
S. XIX-XX. |
| Fuente del encabezamiento o término |
lemac |
| Subdivisión de forma |
Relats personals |
| 651 #7 - PUNTO DE ACCESO ADICIONAL DE MATERIA - NOMBRE GEOGRÁFICO |
| Nombre geográfico |
Barcelona (Catalunya) |
| Subdivisión de materia general |
Història |
| Subdivisión cronológica |
1874-1931, Restauració |
| Subdivisión de materia general |
Relats personals. |
| Fuente del encabezamiento o término |
lemac |
| 830 #0 - PUNTO DE ACCESO ADICIONAL DE SERIE - TÍTULO UNIFORME |
| Título uniforme |
Evocaciones barcelonesas |
| 907 ## - ELEMENTO G DATOS LOCALES, GDL (RLIN) |
| a |
.b10500789 |
| b |
23-06-21 |
| c |
06-05-08 |
| d |
12-11-03 |
| e |
m |
| f |
a |
| g |
- |
| h |
spa |
| i |
spc |
| j |
0 |
| k |
1 |
| 908 ## - CONTROL DE PARÁMETROS (RLIN) |
| Parametro de comando lanzado |
ICGC |
| -- |
AHCB |
| -- |
BAB |
| -- |
BC |
| -- |
FBC |
| -- |
UB |
| -- |
UPF |
| -- |
UPC |
| -- |
BPEB |
| -- |
COAC |
| -- |
CBAB |
| -- |
GEPA |
| -- |
ANC |
| -- |
FMPB |
| -- |
MNAC |
| -- |
UdG |
| 942 ## - ENTRADA DE ELEMENTOS AGREGADOS (KOHA) |
| Fuente de clasificaión o esquema |
|
| Koha [por defecto] tipo de item |
Monografies |
| 949 ## - TRATAMIENTO DE LA INFORMACIÓN LOCAL (OCLC) |
| a |
1009102529 |
| b |
B 2/2/1339 |
| c |
1 |
| d |
0 |
| e |
0 |
| f |
05.04.06 |
| g |
1 |
| k |
1900 |
| m |
05.04.06 |
| n |
05.04.06 |
| o |
0 |
| p |
Fons: Biblioteca (R.2559) |